LEADER 00722nam a2200241 i 4500 001 991004379637707536 005 20250506121129.0 008 040817s2003 it er 001 0 ita d 020 $a8881123940 040 $aBibl. Dip.le Aggr. Studi Umanistici - Sez. Filosofia$bita$cSocioculturale Scs 082 04$a322.4$223 100 1 $aRonson, Jon$0766914 240 10$aThem$94373967 245 10$aLoro :$bi padroni segreti del mondo /$cJon Ronson ; traduzione di Giuseppe Marano 260 $aRoma :$bFazi,$c2003 300 $a277 p. ;$c22 cm 490 1 $aLain ;$v5 650 4$aEstremismo 650 4$aGruppi di potere 830 0$aLain ;$v5 912 $a991004379637707536 996 $aThem$94373967 997 $aUNISALENTO